000 00770nam a22002297b 4500
003 3228
005 20250805152523.0
008 250805b sa ||||| |||| 00| 0 eng d
020 _a9781785043734 (paperback)
040 _aMPL
_c3228
_erda
041 _aenglish
082 0 _a158.1 MILK
100 _9196092
_aMilkman, Katy
245 _aHow to change :
_b the science of getting to where you want to be /
_cKaty Milkman ; foreword by Angela Duckworth.
260 _aLondon :
_bVermilion,
_c2022.
300 _axiv, 249 pages ;
_c20 cm.
504 _aIncludes bibliographical references and index.
650 0 _9182222
_aSelf-actualization (Psychology)
650 0 _9184677
_aChange (Psychology)
650 0 _9187300
_aBehavior modification
942 _2ddc
_cBOOK
_w175
_xNaomi Ntsimane
_y175
_zNaomi Ntsimane
999 _c781882
_d781881